<?xml version="1.0" encoding="UTF-8"?>
<record
    xmlns:xsi="http://www.w3.org/2001/XMLSchema-instance"
    xsi:schemaLocation="http://www.loc.gov/MARC21/slim http://www.loc.gov/standards/marcxml/schema/MARC21slim.xsd"
    xmlns="http://www.loc.gov/MARC21/slim">

  <leader>00903pam a2200193 a 4500</leader>
  <datafield tag="020" ind1=" " ind2=" ">
    <subfield code="a">155815146X (pbk.) :</subfield>
  </datafield>
  <datafield tag="040" ind1=" " ind2=" ">
    <subfield code="c">DLC</subfield>
  </datafield>
  <datafield tag="082" ind1="0" ind2="0">
    <subfield code="a">332 ICS 1991 A018 Or.</subfield>
  </datafield>
  <datafield tag="245" ind1="0" ind2="0">
    <subfield code="a">Exchange rate policies in developing and post-socialist countries /</subfield>
  </datafield>
  <datafield tag="260" ind1=" " ind2=" ">
    <subfield code="a">San Francisco, Calif. :</subfield>
    <subfield code="b">ICS Press ;</subfield>
    <subfield code="a">Lanham, Md. :</subfield>
    <subfield code="b">Distributed to the book trade by National Book Network,</subfield>
    <subfield code="c">c1991.</subfield>
  </datafield>
  <datafield tag="300" ind1=" " ind2=" ">
    <subfield code="a">xix, 443 p. :</subfield>
    <subfield code="b">ill. ;</subfield>
    <subfield code="c">23 cm.</subfield>
  </datafield>
  <datafield tag="500" ind1=" " ind2=" ">
    <subfield code="a">Proceedings of the Second Monetary Conference of the Freie Universit&#xE4;t Berlin and the Landeszentralbank Berlin, held May 10-12, 1990, at the Berliner Bank, and sponsored by the International Center for Economic Growth.</subfield>
  </datafield>
  <datafield tag="500" ind1=" " ind2=" ">
    <subfield code="a">"An International Center for Economic Growth publication."</subfield>
  </datafield>
  <datafield tag="650" ind1=" " ind2="0">
    <subfield code="a">Foreign exchange</subfield>
  </datafield>
  <datafield tag="650" ind1=" " ind2="0">
    <subfield code="a">Monetary policy</subfield>
  </datafield>
  <datafield tag="700" ind1="1" ind2=" ">
    <subfield code="a">Claassen, Emil Maria,</subfield>
  </datafield>
  <datafield tag="710" ind1="2" ind2=" ">
    <subfield code="a">International Center for Economic Growth.</subfield>
  </datafield>
  <datafield tag="942" ind1=" " ind2=" ">
    <subfield code="c">EK</subfield>
  </datafield>
  <datafield tag="999" ind1=" " ind2=" ">
    <subfield code="c">12257</subfield>
    <subfield code="d">12257</subfield>
  </datafield>
  <datafield tag="952" ind1=" " ind2=" ">
    <subfield code="0">0</subfield>
    <subfield code="1">0</subfield>
    <subfield code="4">0</subfield>
    <subfield code="6">332_000000000000000_ICS_1991_A018_OR</subfield>
    <subfield code="7">0</subfield>
    <subfield code="9">61659</subfield>
    <subfield code="a">LBA</subfield>
    <subfield code="b">LBA</subfield>
    <subfield code="c">A018</subfield>
    <subfield code="d">2017-08-11</subfield>
    <subfield code="o">332 ICS 1991 A018 Or.</subfield>
    <subfield code="p">A08977</subfield>
    <subfield code="r">2017-08-11</subfield>
    <subfield code="w">2017-08-11</subfield>
    <subfield code="y">EK</subfield>
  </datafield>
</record>
